000
00322nam a2200109Ia 4500
008
171211s9999 xx 000 0 und d
245
_a
Cooperative Work and Coordinative Practices
245
_c
Kjeld Schmidt
260
_c
2011
650
_x
INFORMATION TECHNOLOGIES
856
_u
http://down.ebook777.com/064/1848000677.pdf
999
_c
349705
_d
349705